[Event "NED-ch U13 Girls"]
[Site "Rijswijk"]
[Date "2005.05.07"]
[Round "8"]
[White "Schumacher, Nina"]
[Black "Gorissen, Susan"]
[Result "1-0"]
[WhiteElo "992"]
[BlackElo "971"]
[PlyCount "69"]
[EventDate "2005.05.05"]
[EventType "swiss"]
[EventRounds "9"]
[EventCountry "NED"]
[SourceTitle "EXT 2013"]
[Source "ChessBase"]
[SourceDate "2012.11.22"]
[SourceVersion "1"]
[SourceVersionDate "2012.11.22"]
[SourceQuality "1"]

1. e4 e6 2. Nf3 d5 3. e5 c5 4. Bb5+ Bd7 5. Bxd7+ Nxd7 6. Qe2 Nb6 7. d3 Qc7 8. Nc3 0-0-0 9. Nb5 Qc6 10. d4 Kb8 11. 0-0 a6 12. Nd6 Bxd6 13. exd6 Qxd6 14. g3 Nf6 15. Bf4 e5 16. Bxe5 Rhe8 17. Bxd6+ Rxd6 18. Qd3 c4 19. Qa3 Rd7 20. Rfe1 Rxe1+ 21. Rxe1 Rd8 22. Qa5 Ka7 23. b3 Rc8 24. b4 h6 25. b5 g5 26. bxa6 bxa6 27. Re7+ Nfd7 28. Ne5 Rd8 29. Qc5 Ka8 30. Qc6+ Kb8 31. Nxd7+ Nxd7 32. Re1 Ka7 33. Qc7+ Ka8 34. Qxd8+ Nb8 35. Rb1 1-0